000 00830nam a2200217 a 4500
001 000183384
003 AM-YeHGA
005 20250618071401.0
008 971223s1984 ru ||||gr|||||||||1|rus|d
040 _aAM-YeHGA
041 1 _arus
_harm
100 1 _aՎարուժան, Դանիել,
_d1884-1915
_9777
245 1 0 _aСтихи /
_cДаниэл Варужан ; Пер. с арм. Б. Окуджавы ; Вступ. ст. С. Капутикян ; Примеч. А. Аликян.
260 _aМосква :
_bХудож. лит.,
_c1984.
300 _a222 с. :
_bил. ;
_c13 см.
650 1 4 _aАрмянская литература
700 1 _aԿապուտիկյան, Սիլվա Բարունակի,
_d1919-2006
_91396
700 1 _aՎարուժան, Դանիել,
_d1884-1915
_9777
942 _2udc
_cBK
090 _c64391
999 _c63300
_d63300